Top Buffalo Countries - Statistics

General Stats
  • This quiz has been taken 30 times
  • The average score is 10 of 15
Answer Stats
Buffalo
(millions)
Country % Correct
27.3 China
100%
109.9 India
93%
1.49 Bangladesh
83%
40.0 Pakistan
83%
5.31 Nepal
79%
0.897 Thailand
76%
4.08 Myanmar
72%
1.14 Indonesia
69%
1.21 Laos
69%
2.39 Vietnam
69%
0.606 Cambodia
66%
1.43 Brazil
52%
2.87 Philippines
45%
0.544 Colombia
28%
3.48 Egypt
28%
No matching quizzes found
Score Distribution
Percent of People with Each Score
Percentile by Number Answered
Your Score History
You have not taken this quiz